000 00524nam a2200181Ia 4500
003 OSt
005 20251230122739.0
008 210210b1958 xxu||||| |||| 00| 0 eng d
040 _cAL
041 _aKannada
082 _a859/2155
100 _aSITARAMA SHASTRI
_9158283
_dಸೀತಾರಾಮ ಶಾಸ್ತ್ರಿ
245 _aShivaji maharaja:
_bಶಿವಾಜಿ ಮಹಾರಾಜ
260 _aBengaluru
_bStandard Book Dipo
_c1958
690 _aKannada Fiction
_9158284
906 _a022868
942 _2ddc
_cBK
999 _c147567
_d147567